Heavydirtysoul - Twenty One Pilots Lyrics - Statistics

General Stats
  • This quiz has been taken 45 times
  • The average score is 173 of 349
Answer Stats
Lyrics % Correct
an
100%
imagination
100%
in
100%
mind's
100%
my
100%
Verse 1 There's
95%
hope
91%
I
91%
infestation
91%
hip-hop
77%
I'm
77%
is
77%
is
77%
Just
77%
not
77%
not
77%
rap,
77%
the
77%
the
77%
This
77%
this
77%
another
73%
make
73%
on
73%
stop
73%
to
73%
attempt
68%
choke
68%
I'm
68%
I'm
68%
smoke
68%
voices
68%
a
64%
Chorus Can
64%
I
64%
I
64%
I
64%
just
64%
mind
64%
my
64%
my-
64%
my
64%
my-
64%
my
64%
out
64%
save-
64%
smokin'
64%
that
64%
the
64%
them
64%
they
64%
to
64%
to
64%
you
64%
a
59%
a
59%
a
59%
Can
59%
Can
59%
Can
59%
Can
59%
Can
59%
cause
59%
cry
59%
don't
59%
heavydirtysoul?
59%
heavydirtysoul?
59%
I
59%
just
59%
me,
59%
me
59%
me
59%
Misty-eyed,
59%
Mr.
59%
my
59%
my
59%
save
59%
save
59%
save-
59%
save
59%
save
59%
This
59%
to
59%
to
59%
you
59%
you
59%
you
59%
you
59%
you
59%
a
55%
a
55%
Can
55%
Can
55%
doesn't
55%
heavydirtysoul?
55%
heavydirtysoul?
55%
I
55%
lost
55%
me,
55%
me
55%
me
55%
mean
55%
my-
55%
my
55%
my-
55%
my
55%
my-
55%
my
55%
my-
55%
my
55%
my
55%
my
55%
my,
55%
nothing,
55%
prove
55%
Rappin'
55%
save
55%
save
55%
say
55%
somethin'
55%
Therefore,
55%
therefore
55%
you
55%
you
55%
a
50%
a
50%
Chorus Can
50%
Can
50%
Can
50%
Can
50%
Can
50%
Can
50%
Chorus Can
50%
Can
50%
Can
50%
Can
50%
Can
50%
Can
50%
Can
50%
Can
50%
Outro/Chorus Can
50%
Can
50%
Cause
50%
Bridge Death
50%
dream
50%
For
50%
for
50%
heavydirtysoul?
50%
heavydirtysoul?
50%
heavydirtysoul?
50%
heavydirtysoul?
50%
heavydirtysoul?
50%
heavydirtysoul?
50%
I
50%
I'm
50%
I'm
50%
I'm
50%
inspires
50%
It's
50%
me,
50%
me
50%
me,
50%
me
50%
me,
50%
me
50%
my
50%
my
50%
my-
50%
my
50%
my,
50%
my-
50%
my
50%
Verse 2 Nah,
50%
nothin'
50%
one
50%
only
50%
save-
50%
save
50%
save
50%
save-
50%
save
50%
save
50%
save-
50%
save
50%
save
50%
save-
50%
save
50%
save
50%
save
50%
save
50%
save-
50%
save
50%
wasn't
50%
wasn't
50%
who
50%
writin'
50%
you
50%
you
50%
you
50%
you
50%
you
50%
you
50%
you
50%
you
50%
you
50%
you
50%
you
50%
you
50%
you
50%
you
50%
you
50%
you
50%
you
50%
Can
45%
Can
45%
Can
45%
Can
45%
Can
45%
Can
45%
clean
45%
Death
45%
For
45%
for
45%
got
45%
heavydirtysoul?
45%
heavydirtysoul?
45%
heavydirtysoul?
45%
heavydirtysoul?
45%
inspires
45%
inspires
45%
like
45%
like
45%
me
45%
me,
45%
me
45%
rushin'
45%
save
45%
save
45%
save
45%
save
45%
save-
45%
save
45%
save
45%
save
45%
to
45%
to
45%
to
45%
to
45%
"You
45%
you
45%
you
45%
you
45%
you
45%
you
45%
you
45%
you
45%
crazy
41%
cry
41%
dog
41%
don't
41%
For
41%
for
41%
For
41%
for
41%
For
41%
for
41%
inspires
41%
it
41%
it
41%
Misty-eyed,
41%
Mr.
41%
now
41%
rabbit
41%
really
41%
right
41%
Therefore,
41%
therefore
41%
dog
36%
For
36%
for
36%
Pre-Chorus Gangsters
36%
Pre-Chorus Gansters
36%
like,
36%
one
36%
One
36%
one
36%
One
36%
only
36%
out
36%
rabbit
36%
say
36%
zombies
36%
around
32%
better,
32%
didn't
32%
didn't
32%
got
32%
hunch
32%
If
32%
know
32%
live
32%
Mindless
32%
once"
32%
(Ooh)
32%
sayin'
32%
Sayin'
32%
Sing
32%
stuff
32%
thing
32%
understand
32%
walkin'
32%
what
32%
with
32%
with
32%
about
27%
all
27%
and
27%
and
27%
and
27%
figure
27%
guess
27%
I'd
27%
if
27%
know
27%
limp
27%
now
27%
(Ooh)
27%
(Ooh)
27%
(Ooh)
27%
(Ooh)
27%
(Ooh)
27%
said
27%
shout
27%
start
27%
talking
27%
time
27%
time
27%
time
27%
time
27%
twist
27%
we
27%
You've
27%
already
23%
dead
23%
you're
23%
think
18%
basment
9%
therfore
9%
therfore
9%
No matching quizzes found
Score Distribution
Percent of People with Each Score
Percentile by Number Answered
Your Score History
You have not taken this quiz